| 000 | 01907nam0a2200457 4500 | ||
|---|---|---|---|
| 001 | RU\NLR\bibl\1056517 | ||
| 005 | 20260405130257.0 | ||
| 010 |
_a5-9567-0268-0 _bВЛАДИС |
||
| 010 |
_a5-9567-0266-4 _bРИПОЛ Классик _913000 |
||
| 021 |
_aRU _b2007-2963 _9143 |
||
| 035 | _a(nilc)RSL-KNO-003030786 | ||
| 035 | _a(NLR Aleph) 001043807 | ||
| 090 |
_a835396 _c835396 |
||
| 100 | _a20070213d2007 |||y0rusy50 ca | ||
| 101 | 0 | _arus | |
| 102 | _aRU | ||
| 105 | _aa zzzz||||| | ||
| 106 | _ar | ||
| 200 | 1 |
_aЯ выбираю татуировку. Модные татуировки _fО. Петрова |
|
| 210 |
_aРостов-на-Дону _cВЛАДИС _aМосква _cРИПОЛ Классик _d2007 (печ. 2006) |
||
| 215 |
_a639 с. _cил. _d15 |
||
| 225 | 1 | _aСерия "Удобная библиотека" | |
| 225 | 1 | _aСерия "Карманная библиотека" | |
| 300 | _aЗагл. обл.: Модные татуировки | ||
| 300 | _aНа обл. авт. не указан | ||
| 512 | 1 | _aМодные татуировки | |
| 606 | 1 |
_aТатуировка _92074387 _3RU\NLR\auth\661249382 |
|
| 610 | 0 | _aИскусство. Искусствознание -- Графика -- Рисунок -- Виды рисунка -- Рисунок тушью и пером | |
| 610 | 0 | _aЗдравоохранение. Медицинские науки -- Дерматология -- Популярные издания | |
| 686 |
_aЩ154.57,0 _2rubbk |
||
| 686 |
_aР60я9 _2rubbk |
||
| 686 | _aТ595.27 | ||
| 686 | _aН937.8 | ||
| 700 | 1 |
_4070 _8rus _7ca _aПетрова _bО. О. _cпопуляризатор _gОльга Олеговна _3RU\NLR\auth\7751418 _934352 |
|
| 801 | 0 |
_aRU _bРКП _c20070213 _grcr |
|
| 801 | 1 |
_aRU _bРГБ _c20070213 |
|
| 801 | 2 |
_aRU _bNLR _c20070310 _grcr |
|
| 942 | _cBOOK | ||
| 980 | _aNB | ||